Statistics for Guess World Countries by their Capitals

Click here to take the quiz!

General Stats

  • This quiz has been taken 37 times
    (21 since last reset)
  • The average score is 104 of 195

Answer Stats

HintAnswer% Correct
BrusselsBelgium
90%
Abu DhabiUAE
90%
AmsterdamNetherlands
80%
KabulAfghanistan
70%
Andorra La VellaAndorra
70%
Buenos AiresArgentina
70%
CanberraAustralia
70%
ViennaAustria
70%
ThimpuBhutan
70%
OttawaCanada
70%
BeijingChina
70%
CopenhagenDenmark
70%
ParisFrance
70%
BerlinGermany
70%
Guatemala CityGuatemala
70%
BudapestHungary
70%
ReykjavikIceland
70%
New DelhiIndia
70%
JakartaIndonesia
70%
TehranIran
70%
BaghdadIraq
70%
DublinIreland
70%
JerusalemIsrael
70%
RomeItaly
70%
TokyoJapan
70%
MonacoMonaco
70%
PyongyangNorth Korea
70%
MuscatOman
70%
IslamabadPakistan
70%
Panama CityPanama
70%
DohaQatar
70%
MoscowRussia
70%
SingaporeSingapore
70%
SeoulSouth Korea
70%
MadridSpain
70%
BangkokThailand
70%
AnkaraTurkiye
70%
KievUkraine
70%
LondonUnited Kingdom
70%
Washington D.C.United States of America
70%
Vatican CityVatican City
70%
AlgiersAlgeria
60%
BakuAzerbaijan
60%
ManamaBahrain
60%
DhakaBangladesh
60%
MinskBelarus
60%
BrasiliaBrazil
60%
YaoundeCameroon
60%
SantiagoChile
60%
BogotaColombia
60%
DjiboutiDjibouti
60%
RoseauDominica
60%
Santo DomingoDominican Republic
60%
Addis AbabaEthiopia
60%
PalikirFederate States of Micronesia
60%
HelsinkiFinland
60%
TbilisiGeorgia
60%
AccraGhana
60%
AthensGreece
60%
Port Au PrinceHaiti
60%
KingstonJamaica
60%
AmmanJordan
60%
AstanaKazakhstan
60%
NairobiKenya
60%
BishkekKyrgyzstan
60%
VientianeLaos
60%
RigaLatvia
60%
BeirutLebanon
60%
VilniusLithuania
60%
LuxembourgLuxembourg
60%
MabeMaldives
60%
Mexico CityMexico
60%
UlaanbataarMongolia
60%
KathmanduNepal
60%
WellingtonNew Zealand
60%
NiameyNiger
60%
OsloNorway
60%
LimaPeru
60%
ManilaPhilippines
60%
LisbonPortugal
60%
San MarinoSan Marino
60%
BratislavaSlovakia
60%
LjubljanaSlovenia
60%
HoniaraSolomon Islands
60%
JubaSouth Sudan
60%
Sri Jayawardenapura KotteSri Lanka
60%
KhartoumSudan
60%
BernSwitzerland
60%
DamascusSyria
60%
AshgabatTurkmenistan
60%
MontevideoUruguay
60%
HanoiVietnam
60%
Sana'aYemen
60%
TiranaAlbania
50%
LuandaAngola
50%
YerevanArmenia
50%
La Paz / SucreBolivia
50%
Bandar Seri BegawanBrunei
50%
SofiaBulgaria
50%
N'DjamenaChad
50%
San JoseCosta Rica
50%
ZagrebCroatia
50%
HavanaCuba
50%
NicosiaCyprus
50%
PragueCzech Republic
50%
KinshasaDemocratic Republic of the Congo
50%
DiliEast Timor
50%
QuitoEcuador
50%
CairoEgypt
50%
San SalvadorEl Salvador
50%
TallinnEstonia
50%
SuvaFiji
50%
BanjulGambia
50%
TegucigalpaHonduras
50%
Kuwait CityKuwait
50%
AntananarivoMadagascar
50%
Kuala LumpurMalaysia
50%
BamakoMali
50%
MajuroMarshall Islands
50%
NouakchottMauritania
50%
Port LouisMauritius
50%
PodgoricaMontenegro
50%
RabatMorocco
50%
Nay Pyi TawMyanmar
50%
AbujaNigeria
50%
SkopjeNorth Macedonia
50%
AsuncionParaguay
50%
BrazzavilleRepublic of the Congo
50%
BucharestRomania
50%
KigaliRwanda
50%
RiyadhSaudi Arabia
50%
Pretoria / Bloemfontein / Cape TownSouth Africa
50%
BasseterreSt. Kitts and Nevis
50%
StockholmSweden
50%
TaipeiTaiwan
50%
LomeTogo
50%
TunisTunisia
50%
KampalaUganda
50%
TashkentUzbekistan
50%
CaracasVenezuela
50%
HarareZimbabwe
50%
Saint John'sAntigua and Barbuda
40%
NassauBahamas
40%
BridgetownBarbados
40%
BelmopanBelize
40%
Porto NovoBenin
40%
SarajevoBosnia and Herzegovina
40%
GaboroneBotswana
40%
GitegaBurundi
40%
Phnom PenhCambodia
40%
BanguiCentral African Republic
40%
MoroniComoros
40%
MalaboEquatorial Guinea
40%
LibrevilleGabon
40%
ConarkyGuinea
40%
BissauGuinea Bissau
40%
GeorgetownGuyana
40%
MaseruLesotho
40%
MonroviaLiberia
40%
TripoliLibya
40%
LilongweMalawi
40%
VallettaMalta
40%
WindhoekNamibia
40%
ManaguaNicaragua
40%
Port MoresbyPapua New Guinea
40%
ApiaSamoa
40%
Sao TomeSao Tome and Principe
40%
DakarSenegal
40%
BelgradeSerbia
40%
VictoriaSeychelles
40%
FreetownSierra Leone
40%
CastriesSt. Lucia
40%
ParamariboSuriname
40%
DushanbeTajikistan
40%
DodomaTanzania
40%
Nuku'alofaTonga
40%
Port of SpainTrinidad and Tobago
40%
FunafutiTuvalu
40%
LusakaZambia
40%
OuagadougouBurkina Faso
30%
YamoussoukroCôte d'Ivoire
30%
AsmaraEritrea
30%
Tarawa AtollKiribati
30%
PristinaKosovo
30%
VaduzLiechtenstein
30%
ChisinauMoldova
30%
Maputo | MogadishuMozambique
30%
Yaren (No official capital)Nauru
30%
KingstownSt. Vincent and the Grenadines
30%
PraiaCape Verde
20%
MbabanaEswatini
20%
Saint George'sGrenada
20%
MelekeokPalau
20%
Port VilaVanuatu
20%

Score Distribution

Percentile by Number Answered

Percent of People with Each Score

Your Score History

You have not taken this quiz since the last reset